[Event "ROM-chT Blitz (Women)"]
[Site "Sebes"]
[Date "2022.12.04"]
[Round "6.1"]
[White "Ionica, Iulia Ionela"]
[Black "Peptan, Corina Isabela"]
[Result "1-0"]
[WhiteElo "2177"]
[BlackElo "2351"]
[PlyCount "121"]
[EventDate "2022.12.04"]
[EventType "team-tourn (blitz)"]
[EventRounds "6"]
[EventCountry "ROU"]
[SourceTitle "CBM 211 Extra"]
[Source "ChessBase"]
[SourceDate "2023.01.31"]
[SourceVersion "1"]
[SourceVersionDate "2023.01.31"]
[SourceQuality "1"]
[WhiteTeam "Arnia Chess (W)"]
[BlackTeam "Bucharest CSM (W)"]
[WhiteTeamCountry "ROU"]
[BlackTeamCountry "ROU"]

1. e4 c5 2. Nf3 e6 3. d4 cxd4 4. Nxd4 Nc6 5. Nc3 Qc7 6. g3 Nxd4 7. Qxd4 a6 8. Bf4 Qc5 9. Qd2 Be7 10. Bg2 d6 11. 0-0-0 e5 12. Be3 Qc4 13. Qd5 Qxd5 14. Nxd5 Bd8 15. Nb6 Bxb6 16. Bxb6 Nf6 17. Rxd6 0-0 18. Rhd1 Be6 19. b3 Rac8 20. Kb2 h6 21. f4 exf4 22. gxf4 Bg4 23. R1d2 Rfe8 24. e5 Nh7 25. Bxb7 Rb8 26. Be4 Nf8 27. Bc7 Rbc8 28. Bb6 Rb8 29. a4 Ne6 30. f5 Ng5 31. Bc6 Bxf5 32. Bxe8 Rxe8 33. Rd8 Rxd8 34. Rxd8+ Kh7 35. c4 Nf3 36. c5 Nxe5 37. Rd5 f6 38. c6 Be4 39. Rd6 Bxc6 40. Bd4 Bb7 41. Bxe5 fxe5 42. Kc3 Kg8 43. Rb6 Bg2 44. Rxa6 Kf7 45. Rd6 Ke7 46. Rd2 Bb7 47. b4 Ke6 48. b5 e4 49. a5 Ke5 50. a6 Bc8 51. a7 Bb7 52. Rd8 Kf4 53. a8Q Bxa8 54. Rxa8 e3 55. Kd3 g5 56. b6 Kf3 57. Re8 g4 58. b7 h5 59. b8Q h4 60. Qe5 h3 61. Qxe3+ 1-0

[Event "ROM-chT Rapid (Women)"]
[Site "Sebes"]
[Date "2022.12.03"]
[Round "5.5"]
[White "Ionescu, Irina"]
[Black "Ionica, Iulia Ionela"]
[Result "1-0"]
[WhiteElo "2123"]
[BlackElo "2177"]
[PlyCount "77"]
[EventDate "2022.12.03"]
[EventType "team-swiss (rapid)"]
[EventRounds "6"]
[EventCountry "ROU"]
[SourceTitle "CBM 211 Extra"]
[Source "ChessBase"]
[SourceDate "2023.01.31"]
[SourceVersion "1"]
[SourceVersionDate "2023.01.31"]
[SourceQuality "1"]
[WhiteTeam "Bucharest CSM (W)"]
[BlackTeam "Arnia Chess (W)"]
[WhiteTeamCountry "ROU"]
[BlackTeamCountry "ROU"]

1. e4 c5 2. Nf3 d6 3. Bc4 e6 4. 0-0 Nf6 5. Re1 Nc6 6. c3 Be7 7. d4 d5 8. exd5 exd5 9. Bb5 0-0 10. dxc5 Bxc5 11. Be3 Qb6 12. Bxc5 Qxc5 13. Bd3 Bg4 14. h3 Bh5 15. Nbd2 Rad8 16. Qa4 Qb6 17. Qb3 Qc7 18. Rac1 b6 19. Qa4 Qd6 20. Bb5 Na5 21. Qh4 Bg6 22. Nd4 Ne4 23. N2f3 Rc8 24. Ba6 Rcd8 25. Nb5 Qb8 26. Nfd4 Nc5 27. b4 Nxa6 28. bxa5 Rde8 29. Nc6 Rxe1+ 30. Rxe1 Qb7 31. Ne7+ Kh8 32. Nxg6+ fxg6 33. Re7 Qc6 34. Qd4 Rg8 35. Nxa7 Qd6 36. Qe5 Qc5 37. Re8 bxa5 38. Qe6 Rf8 39. Qf7 1-0

[Event "BL 2122 (Women)"]
[Site "Germany"]
[Date "2022.05.27"]
[Round "4.4"]
[White "Rapport, Jovana"]
[Black "Ionica, Iulia Ionela"]
[Result "1-0"]
[WhiteElo "2294"]
[BlackElo "2186"]
[PlyCount "95"]
[EventDate "2021.11.27"]
[EventType "team-tourn"]
[EventRounds "11"]
[EventCountry "GER"]
[SourceTitle "EXT 2023"]
[Source "ChessBase"]
[SourceDate "2022.10.05"]
[SourceVersion "1"]
[SourceVersionDate "2022.10.05"]
[SourceQuality "1"]
[WhiteTeam "Deizisau (W)"]
[BlackTeam "Hemer (W)"]
[WhiteTeamCountry "GER"]
[BlackTeamCountry "GER"]

1. e4 d6 2. d4 Nf6 3. Nc3 c6 4. Nf3 Qa5 5. Nd2 e5 6. Nc4 Qc7 7. d5 Be7 8. Ne3 0-0 9. a4 Re8 10. Bc4 Bf8 11. 0-0 Nbd7 12. a5 Nc5 13. Qf3 Rb8 14. b4 Na6 15. Rb1 cxd5 16. Ncxd5 Nxd5 17. Bxd5 Be6 18. c4 Qd8 19. Bd2 Nc7 20. Rfc1 b6 21. axb6 axb6 22. b5 Qe7 23. Bc6 Rec8 24. Ra1 g6 25. Nd5 Bxd5 26. cxd5 Ne8 27. Be3 Ng7 28. Ra6 Qd8 29. g4 Be7 30. Ra7 f6 31. Rd7 Qf8 32. Ra1 Rd8 33. Rda7 f5 34. R1a6 fxe4 35. Qxf8+ Kxf8 36. Bxb6 Rxb6 37. Rxb6 e3 38. fxe3 Bg5 39. Kf2 h5 40. Rbb7 Ne8 41. gxh5 gxh5 42. Rf7+ Kg8 43. Bxe8 Bh4+ 44. Ke2 Rxe8 45. Rg7+ Kh8 46. Rh7+ Kg8 47. Rag7+ Kf8 48. Rh8+ 1-0

[Event "ROM-chT (Women)"]
[Site "Mamaia"]
[Date "2021.10.02"]
[Round "1.2"]
[White "Ionica, Iulia Ionela"]
[Black "Obada, Ema"]
[Result "1-0"]
[WhiteElo "2170"]
[BlackElo "1964"]
[PlyCount "91"]
[EventDate "2021.10.02"]
[EventType "team-tourn"]
[EventRounds "10"]
[EventCountry "ROU"]
[SourceTitle "CBM 204 Extra"]
[Source "ChessBase"]
[SourceDate "2021.11.30"]
[SourceVersion "1"]
[SourceVersionDate "2021.11.30"]
[SourceQuality "1"]
[WhiteTeam "Arnia ChessIT (W)"]
[BlackTeam "Sighetu Marmatiei (W)"]
[WhiteTeamCountry "ROU"]
[BlackTeamCountry "ROU"]

1. e4 e6 2. d4 d5 3. Nc3 Bb4 4. exd5 exd5 5. Bd3 Nc6 6. a3 Bxc3+ 7. bxc3 Nge7 8. Qf3 Be6 9. Nh3 Qd7 10. Ng5 0-0-0 11. 0-0 f6 12. Nxe6 Qxe6 13. a4 g5 14. Ba3 f5 15. Rfe1 Qf6 16. Rab1 h5 17. Qe2 Rde8 18. Qe6+ Qxe6 19. Rxe6 f4 20. Rbe1 Kd7 21. f3 Rhg8 22. Kf1 g4 23. Rh6 Rg5 24. Rf6 gxf3 25. gxf3 Reg8 26. Rxf4 Rg1+ 27. Ke2 R8g2+ 28. Kd1 Rxe1+ 29. Kxe1 Rxh2 30. Kf1 Ke6 31. Kg1 Rd2 32. Rh4 Ng8 33. Rxh5 Nf6 34. Rh2 Rd1+ 35. Kf2 Ra1 36. Bf8 Rxa4 37. Bg7 Ne8 38. Bh6 a5 39. Bf4 Nd6 40. Rh6+ Kd7 41. Rh7+ Kc8 42. Bxd6 cxd6 43. f4 Ra3 44. f5 Rxc3 45. f6 Nxd4 46. f7 1-0

[Event "ROM-chT (Women)"]
[Site "Sovata"]
[Date "2018.12.01"]
[Round "7.3"]
[White "Firaru, Roxana Maria"]
[Black "Ionica, Iulia Ionela"]
[Result "1/2-1/2"]
[WhiteElo "1943"]
[BlackElo "2139"]
[PlyCount "32"]
[EventDate "2018.11.25"]
[EventType "team-tourn"]
[EventRounds "7"]
[EventCountry "ROU"]
[SourceTitle "CBM 187 Extra"]
[Source "ChessBase"]
[SourceDate "2018.11.04"]
[SourceVersion "1"]
[SourceVersionDate "2018.11.04"]
[SourceQuality "1"]
[WhiteTeam "Sanandrei (W)"]
[BlackTeam "Arnia Chessit (W)"]
[WhiteTeamCountry "ROU"]
[BlackTeamCountry "ROU"]

1. e4 d5 2. exd5 Nf6 3. Nc3 Nxd5 4. d4 g6 5. Nf3 Bg7 6. Be2 c6 7. 0-0 Nd7 8. Re1 0-0 9. Nxd5 cxd5 10. c3 Nf6 11. Bd3 b6 12. Ne5 Bb7 13. f3 Nd7 14. Bf4 Nxe5 15. Bxe5 f6 16. Bg3 Qd7 1/2-1/2

[Event "Bergamo op 17th"]
[Site "Bergamo"]
[Date "2018.07.14"]
[Round "3"]
[White "Solomon, Kenny"]
[Black "Ionica, Iulia Ionela"]
[Result "1/2-1/2"]
[WhiteElo "2408"]
[BlackElo "2109"]
[PlyCount "148"]
[EventDate "2018.07.13"]
[EventType "swiss"]
[EventRounds "9"]
[EventCountry "ITA"]
[SourceTitle "EXT 2019"]
[Source "ChessBase"]
[SourceDate "2018.10.10"]
[SourceVersion "1"]
[SourceVersionDate "2018.10.10"]
[SourceQuality "1"]

1. d4 Nf6 2. Nf3 e6 3. c4 d5 4. g3 c6 5. Bg2 Be7 6. 0-0 Nbd7 7. b3 b6 8. Nc3 Bb7 9. Bb2 0-0 10. Qd3 Rc8 11. Rfd1 Qc7 12. Rac1 Qb8 13. e4 dxe4 14. Nxe4 c5 15. Nc3 cxd4 16. Nxd4 Nc5 17. Qe2 Bxg2 18. Kxg2 Qb7+ 19. Qf3 Qxf3+ 20. Kxf3 Rfd8 21. Ke2 Rd7 22. Nf3 Rcd8 23. Rxd7 Nfxd7 24. g4 Kf8 25. g5 Nb8 26. Rd1 Rxd1 27. Nxd1 Nc6 28. Ba3 a5 29. Nc3 f6 30. gxf6 gxf6 31. Bc1 Kf7 32. Be3 Nb4 33. Nd4 Bd6 34. h3 Nbd3 35. Ncb5 Bb8 36. Nc6 Bf4 37. Nca7 Nc1+ 38. Bxc1 Bxc1 39. Nc8 Nd7 40. Kf3 Bb2 41. Ke3 f5 42. Nc7 Ba3 43. f4 Bc5+ 44. Kf3 Kf6 45. Ne8+ Kf7 46. Nc7 Kf6 47. Ke2 e5 48. Nd5+ Ke6 49. fxe5 Kxe5 50. Kf3 b5 51. Nc7 bxc4 52. bxc4 Bg1 53. Nb5 Nb6 54. Ncd6 Nd7 55. c5 Nxc5 56. Nc4+ Kd5 57. Nxa5 Ne6 58. Nb3 Nc5 59. Nc3+ Kc4 60. Ne2 Bh2 61. Nbd4 Nd3 62. Nxf5 Bc7 63. Ne3+ Kb5 64. Nd4+ Ka4 65. Nd5 Bd8 66. Nc2 Nc1 67. Nc3+ Ka5 68. a3 Nd3 69. Ke3 Nc5 70. Nb4 Bg5+ 71. Kd4 Ne6+ 72. Ke5 Nf4 73. Kf5 Nxh3 74. Kg4 Bc1 1/2-1/2

[Event "ROM-chT (Women)"]
[Site "Calimanesti"]
[Date "2014.11.12"]
[Round "5.1"]
[White "Ilie, Maria Ruxandra"]
[Black "Ionica, Iulia Ionela"]
[Result "1-0"]
[WhiteElo "2024"]
[BlackElo "2157"]
[PlyCount "117"]
[EventDate "2014.11.08"]
[EventType "team-tourn"]
[EventRounds "7"]
[EventCountry "ROU"]
[SourceTitle "EXT 2015"]
[Source "ChessBase"]
[SourceDate "2014.11.20"]
[SourceVersion "1"]
[SourceVersionDate "2014.11.20"]
[SourceQuality "1"]
[WhiteTeam "Bucharest Apa Nova (W)"]
[BlackTeam "Timisoara Sinandrei (W)"]
[WhiteTeamCountry "ROU"]
[BlackTeamCountry "ROU"]

1. d4 Nf6 2. Nf3 g6 3. c4 Bg7 4. Nc3 d6 5. Bf4 Nh5 6. Bg5 h6 7. Bd2 e5 8. e3 0-0 9. Be2 Nc6 10. d5 Ne7 11. h3 Nf6 12. Qc2 a6 13. e4 Nh5 14. Qc1 Nf4 15. Bxf4 exf4 16. Qxf4 f5 17. Qd2 Bd7 18. Nd4 Qc8 19. exf5 gxf5 20. f4 c5 21. dxc6 bxc6 22. 0-0 Qc7 23. Kh1 Rab8 24. Rab1 Ng6 25. a3 Kh7 26. g3 Rbe8 27. Rbe1 Qb6 28. Nf3 Rf6 29. Bd1 Rb8 30. Rf2 Qc5 31. Qd4 Qa5 32. Qd2 Qc5 33. Qd4 Qa5 34. Rfe2 Re6 35. Qd2 Rxe2 36. Bxe2 Qc5 37. Kg2 Rg8 38. b4 Qa7 39. Nd1 d5 40. Kh2 Be6 41. Ne3 Rd8 42. cxd5 Bxd5 43. Bc4 Ne7 44. Bxd5 cxd5 45. Qd3 Qd7 46. Nh4 Rf8 47. Nhxf5 Nxf5 48. g4 Qc7 49. Rf1 Qc3 50. Qxc3 Bxc3 51. Nxf5 Re8 52. Rd1 d4 53. Rd3 Re2+ 54. Kg3 Ra2 55. Nxd4 Rxa3 56. Nc2 Rb3 57. Kf3 Kg7 58. Ke4 Kf6 59. Kd5 1-0

[Event "Plovdiv Tringov Memorial 36th"]
[Site "Plovdiv"]
[Date "2014.02.04"]
[Round "3"]
[White "Ionica, Iulia Ionela"]
[Black "Nikolov, Sasho"]
[Result "0-1"]
[WhiteElo "2178"]
[BlackElo "2365"]
[PlyCount "122"]
[EventDate "2014.02.02"]
[EventType "swiss"]
[EventRounds "9"]
[EventCountry "BUL"]
[SourceTitle "CBM 158 Extra"]
[Source "ChessBase"]
[SourceDate "2014.02.28"]
[SourceVersion "1"]
[SourceVersionDate "2014.02.28"]
[SourceQuality "1"]

1. e4 c5 2. Nf3 e6 3. d4 cxd4 4. Nxd4 Nc6 5. Nc3 Qc7 6. g3 a6 7. Bg2 Nf6 8. 0-0 Be7 9. Re1 0-0 10. Nxc6 dxc6 11. e5 Rd8 12. Qf3 Nd5 13. Qg4 Nxc3 14. bxc3 Bf8 15. Bg5 Rd7 16. h4 b5 17. h5 Bb7 18. h6 g6 19. Rad1 Rxd1 20. Qxd1 c5 21. Bxb7 Qxb7 22. Qd2 c4 23. Rd1 Qf3 24. Qd4 Qh5 25. Qd7 Qf3 26. Qd4 Qf5 27. Qe3 Qxc2 28. Rd7 Qf5 29. Bf4 Rc8 30. Kg2 a5 31. Ra7 b4 32. Rxa5 bxc3 33. Qxc3 g5 34. Bd2 Bxh6 35. Qd4 Bg7 36. g4 Qg6 37. Ra7 h6 38. Ra4 Qc2 39. Ra7 c3 40. Be3 Qg6 41. Qd7 Rc4 42. Qe8+ Kh7 43. f3 c2 44. Bc1 Rxg4+ 45. fxg4 Qe4+ 46. Kf2 Qd4+ 47. Be3 Qxa7 48. Bxa7 c1Q 49. Qxf7 Qd2+ 50. Kf3 Qxa2 51. Bd4 Qd2 52. Qxe6 Qf4+ 53. Ke2 Qxd4 54. Qf5+ Kg8 55. Qe6+ Kf8 56. Qc8+ Ke7 57. Qc7+ Qd7 58. Qc5+ Ke6 59. Qc4+ Kxe5 60. Qc5+ Kf4 61. Qc4+ Kg3 0-1

[Event "ROM-chT (Women)"]
[Site "Mamaia"]
[Date "2013.09.04"]
[Round "5.2"]
[White "Ionica, Iulia Ionela"]
[Black "Ionescu, Irina"]
[Result "1/2-1/2"]
[WhiteElo "2195"]
[BlackElo "2229"]
[PlyCount "112"]
[EventDate "2013.08.31"]
[EventType "team-tourn"]
[EventRounds "9"]
[EventCountry "ROU"]
[SourceTitle "CBM 156 Extra"]
[Source "ChessBase"]
[SourceDate "2013.10.22"]
[SourceVersion "1"]
[SourceVersionDate "2013.10.22"]
[SourceQuality "1"]
[WhiteTeam "Sinandrei (W)"]
[BlackTeam "Bucharest CSM (W)"]
[WhiteTeamCountry "ROU"]
[BlackTeamCountry "ROU"]

1. e4 e5 2. Nf3 Nf6 3. Nc3 Bb4 4. Nxe5 d6 5. Nd3 Bxc3 6. dxc3 Nxe4 7. Nf4 0-0 8. Be2 Nd7 9. 0-0 Ndf6 10. c4 Re8 11. f3 Nc5 12. b4 Ne6 13. Bd3 a5 14. c3 Nxf4 15. Bxf4 Nh5 16. Bd2 Qf6 17. Qc2 g6 18. f4 Bf5 19. Rae1 Ng7 20. a3 Bxd3 21. Qxd3 Qf5 22. Qxf5 gxf5 23. Rxe8+ Nxe8 24. Re1 Kf8 25. Be3 axb4 26. axb4 Nf6 27. Bd4 Ne4 28. g4 Nd2 29. Kf2 fxg4 30. Bf6 Nxc4 31. Kg3 h5 32. Kh4 Nb6 33. Kxh5 Nd5 34. Bd4 Ra2 35. Kxg4 Rxh2 36. Ra1 Rc2 37. Ra3 Ke7 38. Kf5 Kd7 39. Ke4 Ne7 40. Ra7 Kc8 41. Ra8+ Kd7 42. Ra7 b5 43. Ra5 c6 44. f5 Nc8 45. Ra1 Re2+ 46. Kd3 Rh2 47. Ke4 Rh4+ 48. Kf3 d5 49. f6 Re4 50. Ra6 Kc7 51. Ra8 Kb7 52. Ra1 Rh4 53. Re1 Kc7 54. Ra1 Re4 55. Ra8 Kd7 56. Ra6 Rh4 1/2-1/2

[Event "CRO-chT (Women) 21st"]
[Site "Sibenik"]
[Date "2012.09.30"]
[Round "9.2"]
[White "Hlavac, Iva"]
[Black "Ionica, Iulia Ionela"]
[Result "1/2-1/2"]
[WhiteElo "1931"]
[BlackElo "2211"]
[PlyCount "48"]
[EventDate "2012.09.23"]
[EventType "team-tourn"]
[EventRounds "9"]
[EventCountry "CRO"]
[SourceTitle "CBM 150 Extra"]
[Source "ChessBase"]
[SourceDate "2012.10.19"]
[SourceVersion "1"]
[SourceVersionDate "2012.10.19"]
[SourceQuality "1"]
[WhiteTeam "Djakovo Dama (W)"]
[BlackTeam "Rijeka Draga (W)"]
[WhiteTeamCountry "CRO"]
[BlackTeamCountry "CRO"]

1. e4 c5 2. Nf3 e6 3. d4 cxd4 4. Nxd4 Nf6 5. Nc3 d6 6. g4 e5 7. Bb5+ Bd7 8. Bxd7+ Qxd7 9. Nf5 h5 10. gxh5 Nxh5 11. Nd5 g6 12. Ng3 Bg7 13. Bg5 Nc6 14. Nxh5 Rxh5 15. Bf6 Kf8 16. Qf3 Nd4 17. Bxg7+ Kxg7 18. Qf6+ Kf8 19. Kd2 Qd8 20. c3 Qxf6 21. Nxf6 Nf3+ 22. Ke2 Rh3 23. Rad1 Rd8 24. Rd3 Ng5 1/2-1/2

[Event "CRO-chT (Women) 21st"]
[Site "Sibenik"]
[Date "2012.09.27"]
[Round "6.1"]
[White "Ionica, Iulia Ionela"]
[Black "Krivec, Jana"]
[Result "1/2-1/2"]
[WhiteElo "2211"]
[BlackElo "2240"]
[PlyCount "31"]
[EventDate "2012.09.23"]
[EventType "team-tourn"]
[EventRounds "9"]
[EventCountry "CRO"]
[SourceTitle "CBM 150 Extra"]
[Source "ChessBase"]
[SourceDate "2012.10.19"]
[SourceVersion "1"]
[SourceVersionDate "2012.10.19"]
[SourceQuality "1"]
[WhiteTeam "Rijeka Draga (W)"]
[BlackTeam "Ravna Gora Goranka (W)"]
[WhiteTeamCountry "CRO"]
[BlackTeamCountry "CRO"]

1. e4 e5 2. Nf3 Nc6 3. Bc4 Bc5 4. c3 Nf6 5. d3 0-0 6. Bb3 d5 7. Qe2 Bg4 8. Bg5 dxe4 9. dxe4 h6 10. Bh4 g5 11. Bg3 Nh5 12. Nbd2 Nxg3 13. hxg3 Qf6 14. Nc4 Rad8 15. Ne3 Bxe3 16. Qxe3 1/2-1/2

[Event "CRO-chT (Women) 21st"]
[Site "Sibenik"]
[Date "2012.09.25"]
[Round "3.1"]
[White "Ionica, Iulia Ionela"]
[Black "Movsesian, Julia"]
[Result "1/2-1/2"]
[WhiteElo "2211"]
[BlackElo "2305"]
[PlyCount "59"]
[EventDate "2012.09.23"]
[EventType "team-tourn"]
[EventRounds "9"]
[EventCountry "CRO"]
[SourceTitle "CBM 150 Extra"]
[Source "ChessBase"]
[SourceDate "2012.10.19"]
[SourceVersion "1"]
[SourceVersionDate "2012.10.19"]
[SourceQuality "1"]
[WhiteTeam "Rijeka Draga (W)"]
[BlackTeam "Zagreb Mladost (W)"]
[WhiteTeamCountry "CRO"]
[BlackTeamCountry "CRO"]

1. e4 c5 2. Nf3 e6 3. d4 cxd4 4. Nxd4 Nf6 5. Nc3 d6 6. Be2 Be7 7. 0-0 0-0 8. Be3 Nc6 9. f4 e5 10. Nb3 exf4 11. Rxf4 Ne8 12. Rf1 Bf6 13. Qd2 Be5 14. Nd4 Nxd4 15. Bxd4 Nf6 16. Rad1 Qe7 17. Bf3 Be6 18. Qf2 Rfc8 19. Rfe1 h6 20. Nd5 Bxd5 21. exd5 Bxd4 22. Qxd4 Qc7 23. c3 a6 24. Re2 Re8 25. Rde1 Rxe2 26. Rxe2 Kf8 27. Kf1 Nd7 28. Qe4 Nf6 29. Qd4 Nd7 30. Qe4 1/2-1/2

[Event "Vienna (Women)"]
[Site "Vienna"]
[Date "2012.05.12"]
[Round "8"]
[White "Novkovic, Julia"]
[Black "Ionica, Iulia Ionela"]
[Result "1/2-1/2"]
[WhiteElo "2063"]
[BlackElo "2210"]
[PlyCount "40"]
[EventDate "2012.05.05"]
[EventType "tourn"]
[EventRounds "9"]
[EventCountry "AUT"]
[SourceTitle "CBM 148 Extra"]
[Source "ChessBase"]
[SourceDate "2012.06.22"]
[SourceVersion "1"]
[SourceVersionDate "2012.06.22"]
[SourceQuality "1"]

1. e4 c5 2. Nf3 e6 3. d4 cxd4 4. Nxd4 Nf6 5. Nc3 d6 6. Be3 Be7 7. f3 0-0 8. Qd2 Nc6 9. 0-0-0 d5 10. exd5 Nxd5 11. Nxc6 bxc6 12. Nxd5 Qxd5 13. Qxd5 cxd5 14. Bd3 a5 15. Rhe1 Ba6 16. Bxa6 Rxa6 17. c3 Rc8 18. Re2 a4 19. Bd4 Bc5 20. Bxc5 Rxc5 1/2-1/2

[Event "Vienna (Women)"]
[Site "Vienna"]
[Date "2012.05.09"]
[Round "5"]
[White "Newrkla, Katharina"]
[Black "Ionica, Iulia Ionela"]
[Result "1-0"]
[WhiteElo "2162"]
[BlackElo "2210"]
[PlyCount "103"]
[EventDate "2012.05.05"]
[EventType "tourn"]
[EventRounds "9"]
[EventCountry "AUT"]
[SourceTitle "CBM 148 Extra"]
[Source "ChessBase"]
[SourceDate "2012.06.22"]
[SourceVersion "1"]
[SourceVersionDate "2012.06.22"]
[SourceQuality "1"]

1. e4 c5 2. Nf3 e6 3. d4 cxd4 4. Nxd4 Nf6 5. Nc3 d6 6. g4 h6 7. h4 Nc6 8. Rg1 h5 9. gxh5 Nxh5 10. Bg5 Nf6 11. Qd2 a6 12. 0-0-0 Qa5 13. Nb3 Qc7 14. Kb1 b5 15. Bxb5 axb5 16. Nxb5 Qb8 17. Nxd6+ Bxd6 18. Qxd6 Qxd6 19. Rxd6 Ne5 20. f4 Nf3 21. Rgd1 Nd7 22. Nc5 Nxg5 23. Nxd7 Bxd7 24. hxg5 Ra7 25. e5 Rh2 26. b3 Rc7 27. R1d2 Rxd2 28. Rxd2 f6 29. exf6 gxf6 30. gxf6 Kf7 31. c4 Kxf6 32. Kc2 Kf5 33. Rd4 Bc6 34. Kd3 Rh7 35. Rd6 Be4+ 36. Kd4 Rh6 37. Ke3 Rh3+ 38. Kd4 Rf3 39. b4 Rxf4 40. Kc5 Bb1 41. Rd2 e5 42. b5 e4 43. b6 e3 44. Re2 Ke4 45. b7 Rf8 46. Rb2 Bxa2 47. Rxa2 Kd3 48. Ra1 Rb8 49. Ra3+ Ke4 50. Kb6 Rf8 51. Rxe3+ Kxe3 52. c5 1-0

[Event "Vienna (Women)"]
[Site "Vienna"]
[Date "2012.05.05"]
[Round "1"]
[White "Mader, Manuela"]
[Black "Ionica, Iulia Ionela"]
[Result "0-1"]
[WhiteElo "2228"]
[BlackElo "2210"]
[PlyCount "114"]
[EventDate "2012.05.05"]
[EventType "tourn"]
[EventRounds "9"]
[EventCountry "AUT"]
[SourceTitle "CBM 148 Extra"]
[Source "ChessBase"]
[SourceDate "2012.06.22"]
[SourceVersion "1"]
[SourceVersionDate "2012.06.22"]
[SourceQuality "1"]

1. e4 c5 2. c3 Nf6 3. e5 Nd5 4. Nf3 e6 5. Bc4 d6 6. d4 cxd4 7. cxd4 Nc6 8. 0-0 Be7 9. Qe2 0-0 10. Nc3 Nxc3 11. bxc3 dxe5 12. dxe5 Qa5 13. Bd2 Rd8 14. Bd3 Bd7 15. Rfb1 Rab8 16. Rb5 Qc7 17. Ng5 g6 18. Nf3 Be8 19. Rbb1 Rd5 20. Bc4 Rd7 21. Rc1 Ba3 22. Rc2 a6 23. Rb1 Rbd8 24. Bg5 Be7 25. Bf4 Na5 26. Bb3 Rd3 27. c4 Bc6 28. Ne1 R3d4 29. Be3 Re4 30. Nd3 Qd7 31. Rd2 Nxb3 32. axb3 Qc7 33. f3 Rh4 34. Rbd1 Rh5 35. Qf2 Re8 36. Bb6 Qc8 37. Qe2 Bg5 38. f4 Bd8 39. Bxd8 Qxd8 40. Qf2 Qe7 41. Nc5 Kg7 42. Nd7 Bxd7 43. Rxd7 Qb4 44. Qe3 Rc8 45. g4 Rh4 46. Qg3 Rh6 47. R1d4 b5 48. f5 exf5 49. gxf5 Rh5 50. f6+ Kh6 51. Rh4 Qc5+ 52. Kf1 Qa3 53. Rxh5+ Kxh5 54. Qh3+ Kg5 55. Rd1 Rxc4 56. Rd3 Qc1+ 57. Ke2 Rc2+ 0-1

[Event "Mediterranean op 5th"]
[Site "Rijeka"]
[Date "2011.11.19"]
[Round "9"]
[White "Ionica, Iulia Ionela"]
[Black "Dimitrov, Pavel"]
[Result "1/2-1/2"]
[WhiteElo "2201"]
[BlackElo "2353"]
[PlyCount "87"]
[EventDate "2011.11.11"]
[EventType "swiss"]
[EventRounds "9"]
[EventCountry "CRO"]
[SourceTitle "EXT 2012"]
[Source "ChessBase"]
[SourceDate "2011.11.24"]
[SourceVersion "1"]
[SourceVersionDate "2011.11.24"]
[SourceQuality "1"]

1. e4 e5 2. Bc4 Nf6 3. d3 c6 4. Bb3 d5 5. exd5 cxd5 6. Bg5 Be6 7. Nf3 Nc6 8. Nc3 Be7 9. 0-0 0-0 10. h3 h6 11. Bh4 d4 12. Bxf6 Bxf6 13. Ne4 Bxb3 14. Nxf6+ Qxf6 15. axb3 Qd6 16. Nd2 Qd5 17. Qe2 f5 18. f4 exf4 19. Rxf4 Rae8 20. Qh5 Qe6 21. Rf2 Rc8 22. Re2 Qd5 23. Rae1 Rc7 24. Nf3 Qf7 25. Qh4 f4 26. Qh5 Qf5 27. Qh4 Qf6 28. Qh5 Qf5 29. Qh4 Rcf7 30. Re4 Qd5 31. Qf2 Rd7 32. Qh4 Rdf7 33. Qf2 Rd7 34. Qh4 Qf5 35. Qf2 Qc5 36. R1e2 Rd5 37. Re8 Rd8 38. Rxf8+ Rxf8 39. Re4 Qh5 40. Kh2 Qc5 41. Kg1 Qh5 42. Kh2 Qc5 43. Kg1 Qh5 44. Kh2 1/2-1/2

[Event "Mediterranean op 5th"]
[Site "Rijeka"]
[Date "2011.11.17"]
[Round "7"]
[White "Ionica, Iulia Ionela"]
[Black "Levar, Nenad"]
[Result "1/2-1/2"]
[WhiteElo "2201"]
[BlackElo "2093"]
[PlyCount "22"]
[EventDate "2011.11.11"]
[EventType "swiss"]
[EventRounds "9"]
[EventCountry "CRO"]
[SourceTitle "EXT 2012"]
[Source "ChessBase"]
[SourceDate "2011.11.24"]
[SourceVersion "1"]
[SourceVersionDate "2011.11.24"]
[SourceQuality "1"]

1. e4 c5 2. Nf3 Nc6 3. d4 cxd4 4. Nxd4 Nf6 5. Nc3 d6 6. Bg5 e6 7. Qd2 a6 8. 0-0-0 Bd7 9. f3 Be7 10. Be3 Qc7 11. g4 Ne5 1/2-1/2